000 00932nam a2200229Ia 4500
001 7593
003 GE_BSU
008 181216s||||||||xx |||||||||||||| ||und||
020 _a9789941409516.
040 _cGE_BSU
080 _a574(075.8)
100 _aალასანია,ნარგიზ; ლომთათიძე,ნინო; ზარნაძე,ნანა.
245 _aადამიანის ეკოლოგია.
245 _bდამხმ.სახელმძღვ.საბუნებისმეტყველო და სამედიცინო ფაკულტ.სტუდ.
245 _cრედ:ქეთევან დოლიძე.
260 _aბათუმი.
260 _bუნ-ტის გამ-ბა და სტ.
260 _c2009.
300 _a73გვ;20სმ.
653 _aადამიანის ეკოლოგია.
942 _cBK
999 _c40946
_d40946